Statistiques concernant Mammifères par image n°1

Cliquez ici pour prendre le quiz!

Statistiques générales

  • Ce quiz a été pris 5,079 fois
  • Le résultat moyen est 15 sur 18

Statistiques - réponses

Answer % Correct
Panda géant
100%
Zèbre
100%
Éléphant
100%
Ours blanc
99%
Lama
99%
Dromadaire
98%
Tigre
98%
Castor du Canada
95%
Paresseux
94%
Bison d'Amérique du Nord
87%
Raton laveur
86%
Orang-outan
81%
Blaireau
69%
Tatou
69%
Babouin
63%
Musaraigne
53%
Diable de Tasmanie
41%
Opossum
36%

Distribution des résultats

Percentile par nombre de réponses

% des personnes avec chaque résultat

Votre développement - résultats

Vous n’avez pas pris ce quiz